[Event "Chess.com Isle of Man Masters"]
[Site "Villa Marina, Douglas, Isle o"]
[Date "2018.10.20"]
[Round "1.32"]
[White "Lubbe, Melanie"]
[Black "Meier, Georg"]
[Result "0-1"]
[WhiteElo "2359"]
[BlackElo "2639"]
[PlyCount "46"]
[EventDate "2018.??.??"]

1. e4 e6 2. d4 d5 3. Nc3 Bb4 4. Nge2 dxe4 5. a3 Be7 6. Nxe4 Nf6 7. N2c3 O-O 8.
Be3 Nc6 9. Ng5 e5 10. d5 Nd4 11. Bxd4 exd4 12. Qxd4 c6 13. Bd3 Nxd5 14. Bxh7+
Kh8 15. h4 Bf6 16. Qd2 Nxc3 17. bxc3 Qxd2+ 18. Kxd2 g6 19. Rab1 Kg7 20. Rb4 Rh8
21. Rf4 Bf5 22. g4 Bxg5 23. hxg5 Be6 0-1

[Event "Chess.com Isle of Man Masters"]
[Site "Douglas (Isle of Man)"]
[Date "2018.10.20"]
[Round "1.45"]
[White "Antipov, Mikhail Al."]
[Black "Paterek, Michal"]
[Result "1/2-1/2"]
[WhiteElo "2593"]
[BlackElo "2311"]
[PlyCount "81"]
[EventDate "2018.10.20"]

1. e4 c6 2. d4 d5 3. e5 Bf5 4. h4 h5 5. Bd3 Bxd3 6. Qxd3 e6 7. Bg5 Qa5+ 8. Nd2
c5 9. Ngf3 Nc6 10. O-O c4 11. Qe2 Nge7 12. c3 Nf5 13. Rfc1 Rc8 14. a4 Be7 15.
Bxe7 Ncxe7 16. b3 cxb3 17. Nxb3 Qc7 18. Nc5 b6 19. Nd3 Nc6 20. g3 Na5 21. Nd2
g6 22. Kg2 Kf8 23. Qf3 Kg7 24. Qf4 Qe7 25. Qf3 Rc7 26. Nf4 Rhc8 27. Ne2 Qe8 28.
Qd3 Qe7 29. Rcb1 Rc6 30. Ra2 Qe8 31. Nb3 Nxb3 32. Rxb3 Rc4 33. a5 Ra4 34. Rba3
Rxa3 35. Rxa3 b5 36. a6 Rc4 37. Qd2 Rc6 38. Ra1 Rb6 39. Qc1 Qe7 40. Ra2 Qd7 41.
Qg5 1/2-1/2

[Event "Chess.com Isle of Man Masters"]
[Site "Douglas (Isle of Man)"]
[Date "2018.10.20"]
[Round "1.66"]
[White "Grant, Jonathan I M"]
[Black "Vishnu, Prasanna. V"]
[Result "0-1"]
[WhiteElo "2203"]
[BlackElo "2504"]
[PlyCount "73"]
[EventDate "2018.10.20"]

1. c4 f5 2. Nf3 Nf6 3. g3 d6 4. d4 g6 5. Bg2 Bg7 6. Nc3 O-O 7. O-O Nc6 8. d5
Na5 9. Nd2 c5 10. Qc2 a6 11. b3 Rb8 12. Bb2 b5 13. Rab1 g5 14. e4 f4 15. e5
dxe5 16. Nce4 Nxe4 17. Bxe4 Rb6 18. Nf3 Rh6 19. Nxe5 Qe8 20. Nf3 Qh5 21. Bxg7
Kxg7 22. h4 gxh4 23. Nxh4 Qg4 24. Bf3 Qg5 25. Ng2 fxg3 26. Qc3+ Rff6 27. fxg3
Qxg3 28. Rbe1 Qh2+ 29. Kf2 Rhg6 30. Ke2 b4 31. Qe3 e5 32. Kd1 Nb7 33. Qxe5 Qxe5
34. Rxe5 Nd6 35. Ne1 Nf5 36. Rh1 Ng3 37. Bh5 0-1

[Event "Chess.com Isle of Man Masters"]
[Site "Villa Marina, Douglas, Isle o"]
[Date "2018.10.21"]
[Round "2.27"]
[White "Vaibhav, Suri"]
[Black "Gormally, Daniel W"]
[Result "1-0"]
[WhiteElo "2597"]
[BlackElo "2482"]
[PlyCount "88"]
[EventDate "2018.??.??"]

1. e4 e6 2. d4 d5 3. Nd2 c5 4. Ngf3 Nc6 5. exd5 exd5 6. Bb5 Bd6 7. O-O Nge7 8.
dxc5 Bxc5 9. Nb3 Bb6 10. Re1 O-O 11. Bd3 f6 12. h3 Ne5 13. Be3 Bxe3 14. Rxe3
N7c6 15. c3 Be6 16. Nfd4 Bf7 17. Bc2 Re8 18. Rg3 Kh8 19. Qd2 g6 20. Rd1 Qe7 21.
Qh6 Rg8 22. h4 f5 23. Re1 Rae8 24. Rge3 Ng4 25. Rxe7 Nxh6 26. Nxc6 bxc6 27. f3
Kg7 28. Kf2 Rxe7 29. Rxe7 Rb8 30. Rxa7 c5 31. Nxc5 Rxb2 32. Ne6+ Kf6 33. Nd4
Be8 34. Ke3 Nf7 35. Kd2 Ne5 36. Nb3 Nc4+ 37. Kc1 f4 38. Nd2 Rb6 39. Nxc4 dxc4
40. Rxh7 Ra6 41. Rc7 Rxa2 42. Rxc4 g5 43. Rc8 Bd7 44. Rc7 Be6 1-0

[Event "Chess.com Isle of Man Intermational Che"]
[Site "Douglas (Isle of Man)"]
[Date "2018.10.21"]
[Round "2.48"]
[White "Demeter, Dorina"]
[Black "Antipov, Mikhail Al."]
[Result "0-1"]
[WhiteElo "2064"]
[BlackElo "2593"]
[PlyCount "80"]
[EventDate "2018.10.20"]

1. d4 Nf6 2. c4 e6 3. Nc3 Bb4 4. e3 O-O 5. Nge2 b6 6. a3 Be7 7. e4 Bb7 8. Ng3
d5 9. cxd5 exd5 10. e5 Ne4 11. Bd3 c5 12. Bxe4 dxe4 13. d5 Nd7 14. Bf4 Bg5 15.
Qd2 e3 16. fxe3 Nxe5 17. O-O Bxf4 18. exf4 Nc4 19. Qd3 Nd6 20. Rae1 a5 21. Rf2
Ba6 22. Qf3 Re8 23. Re5 Qd7 24. Nge4 Nc4 25. Rxe8+ Rxe8 26. d6 f5 27. Ng3 g6
28. Qd5+ Kg7 29. Re2 Ne3 30. Rxe3 Rxe3 31. Kf2 Re6 32. h3 Qxd6 33. Qxd6 Rxd6
34. Nge2 Rd2 35. Ke3 Rxb2 36. g4 Bxe2 37. Nxe2 Rxe2+ 38. Kxe2 fxg4 39. hxg4 h5
40. gxh5 gxh5 0-1

[Event "Chess.com Isle of Man Intermational Che"]
[Site "Douglas (Isle of Man)"]
[Date "2018.10.21"]
[Round "2.51"]
[White "Paterek, Michal"]
[Black "Cramling, Pia"]
[Result "1-0"]
[WhiteElo "2311"]
[BlackElo "2465"]
[PlyCount "91"]
[EventDate "2018.10.20"]

1. d4 Nf6 2. c4 e6 3. Nc3 Bb4 4. e3 O-O 5. Nge2 Re8 6. a3 Bf8 7. d5 a5 8. Ng3
Na6 9. Bd3 Nc5 10. Bc2 exd5 11. cxd5 c6 12. O-O Nxd5 13. Nxd5 cxd5 14. Qxd5 d6
15. Bd2 Be6 16. Qf3 Qg5 17. h3 Bd5 18. Qd1 Ne4 19. Nxe4 Bxe4 20. Bxe4 Rxe4 21.
Rc1 d5 22. Qb3 Ree8 23. Bc3 Ra6 24. Rfd1 Rd8 25. Rd4 h5 26. h4 Qf5 27. Qxb7 Rg6
28. Rf4 Qe6 29. Bxa5 Re8 30. Bb4 Bxb4 31. Rxb4 Kh7 32. Qc7 Qh3 33. Qh2 Qf5 34.
Qf4 Qh3 35. g3 Ree6 36. Qf3 Re5 37. Rf4 f6 38. a4 Qd7 39. a5 Rg4 40. Rd1 Qb5
41. b4 Re4 42. Rf5 Qxb4 43. Rxh5+ Kg8 44. Rhxd5 Re8 45. a6 Rge4 46. a7 1-0

[Event "Chess.com Isle of Man Intermational Che"]
[Site "Douglas (Isle of Man)"]
[Date "2018.10.21"]
[Round "2.55"]
[White "L'ami, Alina"]
[Black "Sadhwani, Raunak"]
[Result "0-1"]
[WhiteElo "2296"]
[BlackElo "2438"]
[PlyCount "76"]
[EventDate "2018.10.20"]

1. d4 d6 2. c4 e5 3. Nf3 e4 4. Ng5 f5 5. Nc3 c6 6. d5 Be7 7. Nh3 Nf6 8. e3 O-O
9. Nf4 Na6 10. Be2 Nc7 11. h4 Bd7 12. h5 Be8 13. b3 Bf7 14. Bb2 cxd5 15. cxd5
Nd7 16. g4 fxg4 17. Nxe4 h6 18. Bxg4 Nf6 19. Nc3 Nxg4 20. Qxg4 Bf6 21. O-O-O
Qe7 22. Rhg1 a5 23. Nce2 Bxb2+ 24. Kxb2 Qf6+ 25. Nd4 Nxd5 26. Nfe6 Bxe6 27.
Qxe6+ Qxe6 28. Nxe6 Rxf2+ 29. Ka3 Nc3 30. Rxg7+ Kh8 31. Ra1 b5 32. b4 Nd5 33.
bxa5 Rc8 34. Rb1 Rc3+ 35. Rb3 b4+ 36. Ka4 Rxa2+ 37. Kb5 Rxb3 38. e4 Nf4 0-1

[Event "Chess.com Isle of Man Masters"]
[Site "Villa Marina, Douglas, Isle o"]
[Date "2018.10.23"]
[Round "4.26"]
[White "Tari, Aryan"]
[Black "Sadhwani, Raunak"]
[Result "1/2-1/2"]
[WhiteElo "2618"]
[BlackElo "2438"]
[PlyCount "108"]
[EventDate "2018.??.??"]

1. e4 c6 2. d4 d5 3. e5 Bf5 4. h4 h6 5. g4 Be4 6. f3 Bh7 7. e6 Qd6 8. exf7+
Kxf7 9. Bd3 e5 10. dxe5 Qxe5+ 11. Ne2 Nd7 12. Nbc3 Re8 13. Kf2 Bd6 14. Bxh7
Rxh7 15. Qd3 Ngf6 16. Bf4 Qe7 17. g5 hxg5 18. hxg5 Rxh1 19. Rxh1 Bxf4 20. Nxf4
Ne5 21. Qf5 Qd7 22. g6+ Kg8 23. Qg5 Qd6 24. Kg2 Nc4 25. Nd1 Qb4 26. c3 Ne3+ 27.
Kg3 Qe7 28. Kh3 Nxd1 29. Rxd1 Qe3 30. Qg3 Re5 31. Ng2 Rh5+ 32. Nh4 Qe6+ 33. Kg2
Re5 34. Rd2 Qe7 35. Kf1 Nh5 36. Qg4 Qe8 37. Ng2 Qe6 38. Qxe6+ Rxe6 39. c4 Nf6
40. Nf4 Re5 41. cxd5 Nxd5 42. Kf2 Kf8 43. Nd3 Re7 44. Rc2 Ke8 45. Rc4 Kd7 46.
Nf4 Re5 47. Nd3 Re7 48. Nf4 Nf6 49. Rd4+ Kc7 50. Ne2 Nd5 51. Nf4 Nf6 52. Ne2 a5
53. Ng3 Rd7 54. Rf4 Kd8 1/2-1/2

[Event "Chess.com Isle of Man Intermational Che"]
[Site "Douglas (Isle of Man)"]
[Date "2018.10.23"]
[Round "4.41"]
[White "Kaidanov, Gregory"]
[Black "Eggleston, David J"]
[Result "1-0"]
[WhiteElo "2544"]
[BlackElo "2406"]
[PlyCount "77"]
[EventDate "2018.10.20"]

1. Nf3 Nf6 2. g3 e6 3. Bg2 d5 4. O-O Be7 5. c4 O-O 6. b3 c5 7. cxd5 exd5 8. d4
Nc6 9. Bb2 Ne4 10. dxc5 Bxc5 11. e3 Qb6 12. Qc1 Be6 13. Nc3 Be7 14. Nxe4 dxe4
15. Nd4 Bd5 16. Nf5 f6 17. Rd1 Be6 18. Bxe4 Bc5 19. Bd5 Bf7 20. Qc4 Ne5 21.
Bxe5 fxe5 22. Rac1 Qf6 23. Bxf7+ Rxf7 24. Rd7 b6 25. e4 a5 26. Rcd1 Raf8 27.
Rxf7 Qxf7 28. Qxf7+ Rxf7 29. Rd8+ Bf8 30. Ne3 b5 31. Rd5 a4 32. Rxb5 a3 33.
Rxe5 g6 34. Kf1 Rb7 35. Ke2 Bb4 36. Nd5 Bd6 37. Re6 Bc5 38. Rc6 Bf8 39. Rc7 1-0

[Event "Chess.com Isle of Man Intermational Che"]
[Site "Douglas (Isle of Man)"]
[Date "2018.10.23"]
[Round "4.67"]
[White "Trent, Lawrence"]
[Black "Chennaoui, Yasin"]
[Result "1/2-1/2"]
[WhiteElo "2391"]
[BlackElo "2050"]
[PlyCount "148"]
[EventDate "2018.10.20"]

1. f4 Nh6 2. Nf3 g6 3. e3 Bg7 4. Be2 c5 5. c4 Nc6 6. Nc3 e6 7. O-O d5 8. cxd5
exd5 9. Qb3 c4 10. Qb5 Bxc3 11. bxc3 O-O 12. Ba3 Re8 13. Bc5 a6 14. Qb2 b5 15.
a4 Rb8 16. Qa3 Bf5 17. axb5 axb5 18. Nd4 Nxd4 19. Bxd4 Be4 20. Qc5 Nf5 21. Be5
Qb6 22. Qxb6 Rxb6 23. Ra7 f6 24. Bc7 Rc6 25. Rfa1 d4 26. exd4 Bxg2 27. Bg4 Bd5
28. Ra8 Rce6 29. Rxe8+ Rxe8 30. Rb1 Bc6 31. d5 Bxd5 32. Rxb5 Be4 33. Kf2 Re7
34. Rc5 Bd3 35. Rc6 Rd7 36. Bb6 Be4 37. Rc8+ Kf7 38. Bd4 Bd5 39. Rh8 Kg7 40.
Rb8 Be6 41. Bxf5 Bxf5 42. Rb6 Rf7 43. Rd6 h6 44. h4 Rf8 45. Rc6 Bd3 46. Re6 Rf7
47. Rc6 Rf8 48. Kg3 Rf7 49. Ra6 Rf8 50. Kf3 Bf5 51. Rd6 Rf7 52. Ke2 Bd3+ 53.
Kd1 Rf8 54. Rb6 Ra8 55. Ke1 Re8+ 56. Kd1 Ra8 57. Ke1 Re8+ 58. Kf2 Rf8 59. Rc6
Rf7 60. Rd6 Rf8 61. Rc6 Rf7 62. Rd6 Rf8 63. Bc5 Re8 64. Rd7+ Kg8 65. Be3 Bf5
66. Rc7 Rc8 67. Re7 Rf8 68. Rc7 Rc8 69. Ra7 Rf8 70. Bc5 Rf7 71. Ra8+ Kg7 72.
Kg2 Rd7 73. Bd4 Rb7 74. Ra6 Rf7 1/2-1/2

[Event "IOM chesscom Masters 2018"]
[Site "Douglas"]
[Date "2018.10.25"]
[Round "6"]
[White "Jones, Gawain C B"]
[Black "Nihal Sarin"]
[Result "1-0"]
[WhiteElo "2677"]
[BlackElo "2572"]
[PlyCount "122"]
[EventDate "2018.10.17"]
[EventType "swiss"]
[EventCountry "GBR"]
[Tiebreak "Sonneborn-Berger (Swiss)"]
[SourceTitle "playchess.com"]
[Source "ChessBase"]
[SourceQuality "1"]

1. e4 e6 2. d4 d5 3. e5 c5 4. c3 Nc6 5. Nf3 Qb6 6. a3 c4 7. Nbd2 Bd7 8. Be2 Na5
9. O-O Ne7 10. Rb1 Qc7 11. Ne1 Nc8 12. f4 Nb6 13. Bg4 g6 14. Ndf3 O-O-O 15. Be3
h6 16. Bf2 Kb8 17. Bh4 Re8 18. Qd2 Na4 19. Nc2 Qb6 20. Ne3 Bc8 21. Bh3 h5 22.
Bf6 Rg8 23. Ng5 Qc7 24. Nh7 Be7 25. g4 hxg4 26. Nxg4 Rh8 27. Bxh8 Rxh8 28. Ng5
Bxg5 29. fxg5 Rxh3 30. Nh6 Nc6 31. Qc2 Nc5 32. Qg2 Rd3 33. Rxf7 Qb6 34. dxc5
Qxc5+ 35. Qf2 d4 36. Ng4 Qd5 37. Re1 dxc3 38. bxc3 Rxc3 39. Nf6 Qd3 40. Qc5
Qd4+ 41. Qxd4 Nxd4 42. Rd1 Nf3+ 43. Kf1 Nxe5 44. Rf8 Kc7 45. Ne8+ Kc6 46. Nf6
Kc7 47. Rg8 Rxa3 48. Rdd8 Bd7 49. Nxd7 Nxd7 50. Rc8+ Kd6 51. Rxc4 Ra1+ 52. Kg2
Ra2+ 53. Kg3 Ra3+ 54. Kf4 Kd5 55. Rc2 Ra4+ 56. Kg3 Ra3+ 57. Kg2 Ke4 58. Rf2 Nc5
59. Rxg6 Nd3 60. Rxe6+ Kd5 61. Re3 Kd4 1-0

[Event "IOM chesscom Masters 2018"]
[Site "Douglas"]
[Date "2018.10.26"]
[Round "7"]
[White "Antipov, Mikhail Al."]
[Black "Giri, Anish"]
[Result "0-1"]
[WhiteElo "2593"]
[BlackElo "2780"]
[PlyCount "98"]
[EventDate "2018.10.17"]
[EventType "swiss"]
[EventCountry "GBR"]
[Tiebreak "Sonneborn-Berger (Swiss)"]
[SourceTitle "playchess.com"]
[Source "ChessBase"]
[SourceQuality "1"]

1. e4 c5 2. Nf3 d6 3. Bb5+ Nd7 4. Ba4 Ngf6 5. O-O a6 6. c4 e6 7. d4 cxd4 8.
Nxd4 Be7 9. Bc2 O-O 10. Re1 Qc7 11. b3 b6 12. Bb2 Bb7 13. Nc3 Rfe8 14. Re3 Bf8
15. Qf1 g6 16. Rd1 Rad8 17. Kh1 Bg7 18. f4 e5 19. Nde2 b5 20. cxb5 axb5 21. a3
exf4 22. Qxf4 Ne5 23. Ng3 Nfg4 24. Re2 Bh6 25. Qf1 Ne3 26. Rxe3 Bxe3 27. Qe2
Bf4 28. Qf2 Bxg3 29. Qxg3 Bc6 30. h3 Qb7 31. Rd4 Qe7 32. Bc1 f6 33. b4 Kg7 34.
a4 bxa4 35. b5 Bb7 36. Bxa4 Qc7 37. Ba3 Qb6 38. Rd1 Nc4 39. Bc1 Bxe4 40. Bb3 d5
41. Bf4 Nd6 42. Nxd5 Bxd5 43. Rxd5 Ne4 44. Qf3 Rxd5 45. Bxd5 Nd6 46. h4 Re1+
47. Kh2 Nf5 48. g4 Nxh4 49. Qc3 Rd1 0-1

[Event "IOM chesscom Masters 2018"]
[Site "Douglas"]
[Date "2018.10.26"]
[Round "7"]
[White "Shirov, Alexei"]
[Black "Le, Quang Liem"]
[Result "1-0"]
[WhiteElo "2636"]
[BlackElo "2715"]
[PlyCount "111"]
[EventDate "2018.10.17"]
[EventType "swiss"]
[EventCountry "GBR"]
[Tiebreak "Sonneborn-Berger (Swiss)"]
[SourceTitle "playchess.com"]
[Source "ChessBase"]
[SourceQuality "1"]

1. e4 c5 2. Nf3 d6 3. d4 cxd4 4. Nxd4 Nf6 5. Nc3 Nc6 6. Bg5 e6 7. Qd2 a6 8.
O-O-O Bd7 9. f4 Be7 10. Nf3 b5 11. Bd3 b4 12. Ne2 Qc7 13. h4 a5 14. h5 h6 15.
Bxf6 gxf6 16. Kb1 Rb8 17. f5 e5 18. Nh2 a4 19. Ng4 Na5 20. b3 Bc6 21. Nxh6 d5
22. exd5 Bxd5 23. Ng4 axb3 24. cxb3 Bxg2 25. Rhg1 Bc6 26. h6 Nb7 27. Qe3 Ra8
28. Be4 Nd6 29. Ng3 Nb5 30. Rc1 Nc3+ 31. Rxc3 bxc3 32. Rc1 Bxe4+ 33. Nxe4 Qa5
34. a4 Rb8 35. Rxc3 Qa6 36. Kc2 O-O 37. Nxe5 Kh8 38. Nd7 Rxb3 39. Kxb3 Qb7+ 40.
Nb6 Rb8 41. a5 Qd7 42. Qd3 Qxf5 43. Nc5 Qh5 44. Nb7 Qg4 45. Nd6 Qe6+ 46. Ndc4
Bc5 47. Qg3 Rg8 48. Qc7 Bd4 49. Rg3 Re8 50. Qd7 Qe1 51. Qg4 Qb1+ 52. Ka4 Qa1+
53. Kb5 f5 54. Qxf5 Qe1 55. Rg4 Qd1 56. h7 1-0

[Event "IOM chesscom Masters 2018"]
[Site "Douglas"]
[Date "2018.10.26"]
[Round "7"]
[White "Adams, Michael"]
[Black "Gupta, Abhijeet"]
[Result "1-0"]
[WhiteElo "2712"]
[BlackElo "2588"]
[PlyCount "107"]
[EventDate "2018.10.17"]
[EventType "swiss"]
[EventCountry "GBR"]
[Tiebreak "Sonneborn-Berger (Swiss)"]
[SourceTitle "playchess.com"]
[Source "ChessBase"]
[SourceQuality "1"]

1. e4 e6 2. d4 d5 3. Nc3 Bb4 4. exd5 exd5 5. Bd3 c6 6. Nge2 Qf6 7. O-O Ne7 8.
Ng3 O-O 9. Re1 Ng6 10. Be3 Bd6 11. Qh5 Na6 12. Nf5 Bxf5 13. Bxf5 h6 14. g3 Rae8
15. Re2 Re7 16. Rae1 Nc7 17. Nd1 Ne6 18. Qg4 Rfe8 19. c3 Ng5 20. Kg2 Nf8 21.
Bd3 Qe6 22. Bf5 Qf6 23. h4 Ne4 24. Qf3 Ng6 25. Bxe4 Rxe4 26. Qxf6 gxf6 27. h5
Nf8 28. Kf1 Kh7 29. Bd2 Rxe2 30. Rxe2 Rxe2 31. Kxe2 Ne6 32. Ne3 Ng7 33. g4 f5
34. Nxf5 Nxf5 35. gxf5 f6 36. a4 Kg7 37. Kd3 Bf8 38. c4 Kf7 39. b4 Ke8 40. b5
Kd7 41. Kc3 Kc7 42. Kb3 Kd7 43. Bf4 Kc8 44. Bg3 Be7 45. Bh2 Bf8 46. Bf4 Kd7 47.
Bb8 a6 48. c5 Kc8 49. Bf4 Kd7 50. Kb4 axb5 51. axb5 b6 52. Bg3 Be7 53. Bh2 Bf8
54. Bf4 1-0

[Event "IOM chesscom Masters 2018"]
[Site "Douglas"]
[Date "2018.10.26"]
[Round "7"]
[White "Kovalev, Vladislav"]
[Black "Wagner, Dennis"]
[Result "1/2-1/2"]
[WhiteElo "2664"]
[BlackElo "2572"]
[PlyCount "120"]
[EventDate "2018.10.17"]
[EventType "swiss"]
[EventCountry "GBR"]
[Tiebreak "Sonneborn-Berger (Swiss)"]
[SourceTitle "playchess.com"]
[Source "ChessBase"]
[SourceQuality "1"]

1. e4 e5 2. Nf3 Nc6 3. Bb5 a6 4. Ba4 Nf6 5. O-O Nxe4 6. d4 b5 7. Bb3 d5 8. dxe5
Be6 9. Qe2 Be7 10. Rd1 O-O 11. c4 bxc4 12. Bxc4 Bc5 13. Be3 Bxe3 14. Qxe3 Qb8
15. Bb3 Qb6 16. Qxb6 cxb6 17. Na3 Rfd8 18. Nc2 Na5 19. Ncd4 Nc4 20. Rab1 Rac8
21. h3 g6 22. Bc2 Bd7 23. Re1 Nc5 24. Re2 a5 25. Kh2 Re8 26. g4 Re7 27. b3 Na3
28. Rd1 b5 29. Bd3 b4 30. Re3 Kg7 31. Kg3 Rc7 32. h4 Bc8 33. h5 Bb7 34. hxg6
hxg6 35. Ng5 f6 36. exf6+ Kxf6 37. Rxe7 Rxe7 38. Kf4 Re1 39. Rd2 Bc8 40. f3 Rc1
41. Nh7+ Kg7 42. Ng5 Kf6 43. Nh3 Rh1 44. g5+ Ke7 45. Nf2 Nxd3+ 46. Rxd3 Rf1 47.
Ng4 Bxg4 48. Kxg4 Rf2 49. Nc6+ Kd6 50. Nxa5 Rxa2 51. Nb7+ Kc7 52. Nc5 Kd6 53.
Nb7+ Kc7 54. Nc5 Kd6 55. Ne4+ Ke5 56. Nf6 Rg2+ 57. Kh3 Rxg5 58. Nxd5 Nc2 59.
Rd2 Rh5+ 60. Kg4 Kd6 1/2-1/2

[Event "IOM chesscom Masters 2018"]
[Site "Douglas"]
[Date "2018.10.26"]
[Round "7"]
[White "Christiansen, Johan-Sebastian"]
[Black "Tarjan, James"]
[Result "*"]
[WhiteElo "2541"]
[BlackElo "2404"]
[PlyCount "102"]
[EventDate "2018.10.17"]
[EventType "swiss"]
[EventCountry "GBR"]
[Tiebreak "Sonneborn-Berger (Swiss)"]
[SourceTitle "playchess.com"]
[Source "ChessBase"]
[SourceQuality "1"]

1. e4 e5 2. Nf3 Nc6 3. Bb5 a6 4. Ba4 Nf6 5. O-O Be7 6. Re1 b5 7. Bb3 d6 8. c3
O-O 9. h3 Nb8 10. d4 Nbd7 11. c4 c6 12. Nc3 b4 13. Ne2 Nxe4 14. Qc2 Nef6 15.
Ng3 c5 16. dxe5 dxe5 17. Nxe5 Nxe5 18. Rxe5 Bd6 19. Re2 Qc7 20. Nf5 Be5 21. Bg5
h6 22. Bh4 Bxf5 23. Qxf5 Rae8 24. Rae1 g6 25. Qf3 g5 26. Bg3 Bxg3 27. Qxf6 Rxe2
28. Rxe2 Qf4 29. Qe7 Qd4 30. Kf1 Bf4 31. g3 Bc1 32. Re5 Bxb2 33. Rxc5 Qd8 34.
Qe2 Qf6 35. Rd5 Bd4 36. c5 Kg7 37. Rd6 Qe5 38. Qxe5+ Bxe5 39. Rd7 Rc8 40. Rxf7+
Kh8 41. f4 gxf4 42. gxf4 Bd4 43. Ke2 Bxc5 44. Kf3 Rf8 45. Rd7 a5 46. Ke4 Bb6
47. h4 Rd8 48. Rf7 Bd4 49. Kf5 Bg7 50. Ra7 Rf8+ 51. Kg4 Bc3 *

[Event "Chess.com Isle of Man Intermational Che"]
[Site "Douglas (Isle of Man)"]
[Date "2018.10.24"]
[Round "5.53"]
[White "Munguntuul, Batkhuyag"]
[Black "Vaishali, R.."]
[Result "0-1"]
[WhiteElo "2422"]
[BlackElo "2313"]
[PlyCount "80"]
[EventDate "2018.10.20"]

1. e4 c6 2. d4 d5 3. e5 Bf5 4. h4 h5 5. Bd3 Bxd3 6. Qxd3 Qa5+ 7. Nd2 e6 8. Ngf3
Qa6 9. c4 Ne7 10. b3 Nf5 11. a4 Qa5 12. O-O Na6 13. c5 b6 14. cxb6 axb6 15. b4
Nxb4 16. Qc3 Be7 17. Nb3 Qa6 18. a5 O-O 19. Bd2 bxa5 20. Rxa5 Qb6 21. Raa1 Rxa1
22. Rxa1 Rb8 23. Kh2 Na6 24. Bg5 Bf8 25. Qd3 Qxb3 26. Qxb3 Rxb3 27. Rxa6 c5 28.
Ra8 cxd4 29. Nxd4 Nxd4 30. Be7 Kh7 31. Rxf8 Kg6 32. Rg8 Nf5 33. Bg5 Rb2 34. f3
Re2 35. f4 Ne3 36. Kh3 Nf1 37. f5+ exf5 38. Rd8 Rc2 39. Bf4 Rc3+ 40. g3 Rc2 0-1

[Event "Chess.com Isle of Man Intermational Che"]
[Site "Douglas (Isle of Man)"]
[Date "2018.10.25"]
[Round "6.49"]
[White "Vaishali, R.."]
[Black "Sadhwani, Raunak"]
[Result "1-0"]
[WhiteElo "2313"]
[BlackElo "2438"]
[PlyCount "47"]
[EventDate "2018.10.20"]

1. e4 c5 2. Nf3 d6 3. d4 cxd4 4. Nxd4 Nf6 5. Nc3 a6 6. a3 g6 7. Be2 Bg7 8. Be3
O-O 9. Qd2 Nbd7 10. O-O-O b5 11. f3 Bb7 12. h4 h5 13. g4 Rc8 14. Bh6 Bxh6 15.
Qxh6 Rxc3 16. bxc3 Qa5 17. Nf5 gxf5 18. gxf5 Qxa3+ 19. Kb1 Ng4 20. Rdg1 Bxe4
21. fxe4 Ndf6 22. Bxg4 hxg4 23. Rxg4+ Nxg4 24. Rg1 1-0

[Event "Chess.com Isle of Man Intermational Che"]
[Site "Douglas (Isle of Man)"]
[Date "2018.10.25"]
[Round "6.54"]
[White "Merry, Alan B"]
[Black "Strunski, Andreas"]
[Result "0-1"]
[WhiteElo "2435"]
[BlackElo "2306"]
[PlyCount "140"]
[EventDate "2018.10.20"]

1. c4 Nf6 2. Nc3 c6 3. d4 d5 4. e3 e6 5. b3 Bb4 6. Bb2 Ne4 7. Qc2 f5 8. Bd3 Qg5
9. g3 Nd7 10. Nge2 O-O 11. Nf4 Ndf6 12. f3 Nxc3 13. Bxc3 Bxc3+ 14. Qxc3 Qh6 15.
O-O-O g5 16. Ne2 g4 17. f4 Qg7 18. c5 Qc7 19. Kb2 b5 20. a4 a5 21. axb5 cxb5
22. Ra1 Bd7 23. Ra2 b4 24. Qc2 Rfb8 25. Rha1 a4 26. Nc1 a3+ 27. Kb1 Kg7 28. Qd1
h5 29. Qe1 Qb7 30. Rg2 Rh8 31. Raa2 Rab8 32. Rac2 Bc6 33. Na2 Kf7 34. h3 Ke7
35. Rh2 Kf7 36. hxg4 hxg4 37. Rxh8 Rxh8 38. Qxb4 Rh1+ 39. Rc1 Rxc1+ 40. Kxc1
Nh5 41. Qxb7+ Bxb7 42. b4 Nxg3 43. Nc3 Ne4 44. Bxe4 dxe4 45. b5 Bd5 46. Ne2 Bc4
47. b6 Bxe2 48. b7 g3 49. b8=Q g2 50. Qc7+ Kg6 51. Qd8 g1=Q+ 52. Kd2 Qd1+ 53.
Kc3 Qe1+ 54. Kb3 Bd1+ 55. Kc4 Qe2+ 56. Kb4 Qb2+ 57. Ka5 Qb7 58. c6 Qa7+ 59. Kb4
a2 60. Qg8+ Kf6 61. Qf8+ Qf7 62. Qa8 e5 63. dxe5+ Kg7 64. Kc5 Bb3 65. Kb6 Qe7
66. Qa5 Be6 67. c7 Qd7 68. Qa3 Bd5 69. Qc3 a1=Q 70. c8=Q Qaa7# 0-1

[Event "Chess.com Isle of Man Masters"]
[Site "Villa Marina, Douglas, Isle o"]
[Date "2018.10.26"]
[Round "7.24"]
[White "Sutovsky, Emil"]
[Black "Batsiashvili, Nino"]
[Result "1-0"]
[WhiteElo "2633"]
[BlackElo "2482"]
[PlyCount "71"]
[EventDate "2018.??.??"]

1. e4 c6 2. d4 d5 3. e5 Bf5 4. h4 h5 5. Bd3 Bxd3 6. Qxd3 Qa5+ 7. Nd2 e6 8. Ngf3
Ne7 9. O-O Nf5 10. Nb3 Qa6 11. Qd1 Be7 12. Bg5 Nd7 13. Bxe7 Nxe7 14. Nc1 c5 15.
c3 Rc8 16. Ne2 cxd4 17. cxd4 Qc4 18. Rc1 Qxa2 19. Rxc8+ Nxc8 20. Qd3 Ne7 21.
Rc1 Qa5 22. Ng5 g6 23. Qb3 b5 24. Qc2 Nb8 25. Qd3 Nbc6 26. Qf3 O-O 27. Qf6 Qd2
28. Rxc6 Nxc6 29. Nf4 Qe1+ 30. Kh2 Qxf2 31. Ngxe6 fxe6 32. Qxg6+ Kh8 33. Qxh5+
Kg8 34. Qg5+ Kh8 35. Nh5 Qf7 36. Qh6+ 1-0

[Event "Chess.com Isle of Man Intermational Che"]
[Site "Douglas (Isle of Man)"]
[Date "2018.10.26"]
[Round "7.40"]
[White "Tania, Sachdev"]
[Black "Puranik, Abhimanyu"]
[Result "1/2-1/2"]
[WhiteElo "2400"]
[BlackElo "2547"]
[PlyCount "78"]
[EventDate "2018.10.20"]

1. d4 Nf6 2. c4 g6 3. Nc3 d5 4. cxd5 Nxd5 5. Bd2 Bg7 6. e4 Nb6 7. Be3 O-O 8. h3
e5 9. dxe5 Qxd1+ 10. Rxd1 Bxe5 11. Nge2 Re8 12. f4 Bg7 13. b3 c6 14. Kf2 Be6
15. g4 f6 16. Bg2 N8d7 17. Rd2 g5 18. Rhd1 gxf4 19. Nxf4 Nf8 20. Nh5 Nbd7 21.
Ne2 Ne5 22. Nxg7 Kxg7 23. Ng3 Nfd7 24. Nh5+ Kf7 25. Kg1 Ke7 26. Rf1 Rg8 27.
Nxf6 Nxf6 28. Bc5+ Kf7 29. Rdf2 Ned7 30. Bd4 Ke7 31. Bxf6+ Nxf6 32. Rxf6 a5 33.
R6f2 a4 34. Rb1 axb3 35. axb3 Ra3 36. Rf3 Ra2 37. Rf2 Ra3 38. Rf3 Ra2 39. Rf2
Ra3 1/2-1/2

[Event "IOM chesscom Masters 2018"]
[Site "Douglas"]
[Date "2018.10.27"]
[Round "8"]
[White "Sundararajan, Kidambi"]
[Black "Fridman, Daniel"]
[Result "0-1"]
[WhiteElo "2445"]
[BlackElo "2600"]
[PlyCount "76"]
[EventDate "2018.10.17"]
[EventType "swiss"]
[EventCountry "GBR"]
[Tiebreak "Sonneborn-Berger (Swiss)"]
[SourceTitle "playchess.com"]
[Source "ChessBase"]
[SourceQuality "1"]

1. d4 e6 2. c4 Nf6 3. Nc3 Bb4 4. e3 b6 5. Bd2 Bb7 6. Nf3 O-O 7. Bd3 d5 8. cxd5
exd5 9. Rc1 Be7 10. O-O Nbd7 11. Ne2 Bd6 12. Ng3 g6 13. Qe2 a6 14. Bc3 Qe7 15.
Qc2 Rac8 16. Qe2 Ra8 17. Qc2 Ng4 18. Rfe1 f5 19. h3 Ngf6 20. Ne5 c5 21. f4 c4
22. Nxf5 gxf5 23. Bxf5 b5 24. Rf1 Ne4 25. Bxe4 dxe4 26. Qe2 Nf6 27. d5 Bb4 28.
d6 Qxd6 29. Rcd1 Qe7 30. Rd7 Nxd7 31. Qg4+ Qg7 32. Qe6+ Rf7 33. Bxb4 Nxe5 34.
fxe5 Rd8 35. Ba5 Rdf8 36. Rf4 Bc8 37. Qd5 Bxh3 38. Rf2 Kh8 0-1